00681 2200241 4500001002100000005001700021008004100038020002200079035002500101040001200126082001400138084001400152090001400166100002100180245006600201250001100267260003300278300002800311504003100339650003900370850001200409990001800421INLIS00000000000319120150618083430.0  a978-979-769-703-7 a0010-041500000000257 aYOPDYOG a352 Sja P a352 Sja P a352 Sja P aSJAFRIZAL, 1946- aPerencanaan pembangunan daerah dalam era otonomic/ Sjafrizal aCet. 1 aJakartabRaja Grafindoc2014 axvii, 405 hlm. ;b24 cm aBibliografi : hlm. 399-404 aPerencanaan Daerah, Desentralisasi aYOPDYOG a10690-PD/B.15